• 首页
  • 本馆介绍
  • 公告通知
  • 最新文献
  • 馆藏检索
  • 电子资源
  • 读者导购
  • 参考咨询
  • 我的图书馆
  • 登录
  • 详细信息显示
  • 放入我的书架
  • 预约/预借图书
  • 作者相关作品
  • 分类相关作品
  • 丛书相关作品
  • 出版社相关作品

书目信息

  • 表格格式
  • 工作单格式
  • 卡片格式
题名:
美国在中国的失败
    
 
作者: 邹党 著 ;王宁 , 周先进 译
分册:  
出版信息: 上海   上海人民出版社  2012.01
页数: 471页
开本: 23cm
丛书名: 东方编译所译丛
单 册:
中图分类: D829.712
科图分类:
主题词: 中美关系--国际关系史--研究--1941-1950 , 中美关系 , 国际关系史
电子资源:
ISBN: 978-7-208-10400-6
000 01160oam2 2200325 450
001 010700120668
005 20120612085256.82
010    @a978-7-208-10400-6@dCNY59.00
100    @a20120111d2012 em y0chiy50 ea
101 1  @achi@ceng
102    @aCN@b310000
105    @ay z 000yy
106    @ar
200 1  @a美国在中国的失败@9mei guo zai zhong guo de shi bai@e1941-1950年@dAmerica's failure in China@e1941-1950@f(美)邹党(Tsou Tang)著@g王宁,周先进译@zeng
205    @a2版
210    @a上海@c上海人民出版社@d2012.01
215    @a471页@d23cm
225 2  @a东方编译所译丛
330    @a本书共分为四部分,主要内容包括:使中国成为大国;以和平方式建立统一、民主的中国;有限援助政策的局限性;令人啼笑皆非的结局。
461  0 @12001 @a东方编译所译丛
510 1  @aAmerica's failure in China@e1941-1950@zeng
606 0  @a中美关系@x国际关系史@x研究@z1941-1950
606 0  @a中美关系
606 0  @a国际关系史
690    @aD829.712@v4
701  0 @c(美)@a邹党@9zou dang@c(Tang, Tsou@f1918-)@4著
702  0 @a王宁@9wang ning@4译
702  0 @a周先进@9zhou xian jin@4译
801  0 @aCN@bRENTIAN@c20120111
905    @b539454-58@dD829.712@e118=2@f5
    
    美国在中国的失败:1941-1950年=America's failure in China:1941-1950/(美)邹党(Tsou Tang)著/王宁,周先进译.-2版.-上海:上海人民出版社,2012.01
    471页;23cm.-(东方编译所译丛)
    
    
    ISBN 978-7-208-10400-6:CNY59.00
    本书共分为四部分,主要内容包括:使中国成为大国;以和平方式建立统一、民主的中国;有限援助政策的局限性;令人啼笑皆非的结局。
●
相关链接 在E读中查询图书 在五车中查询图书 在当当中查询图书 在豆瓣中查询图书


正题名:美国在中国的失败     索取号:D829.712/118=2         预约/预借

序号 登录号 条形码 馆藏地/架位号 状态 备注
1 539454   205394544   第一样本阅览室/ [索取号:D829.712/118=2] 在馆    
2 539455   205394553   第一借阅区/ [索取号:D829.712/118=2] 在馆    
3 539456   205394562   第一借阅区/ [索取号:D829.712/118=2] 在馆    
4 539457   205394571   第一借阅区/ [索取号:D829.712/118=2] 在馆    
5 539458   205394580   第一借阅区/ [索取号:D829.712/118=2] 在馆    
唐山师范学院图书馆 欢迎您!
大连网信软件有限公司© 版权所有